| 000 | 01614nam a2200337 i 4500 | ||
|---|---|---|---|
| 001 | 000027477 | ||
| 003 | DO-SdBNP | ||
| 005 | 20240520190011.0 | ||
| 007 | ta | ||
| 008 | 110401s1992 dr 000 | spa d | ||
| 040 |
_aDO-SdBNP _bspa _cBNPHU _erda |
||
| 082 |
_a291.092 _bS471f _222 |
||
| 111 | 2 |
_aSeminario "Grandes Figuras de la Evangelización de América" _n(3º. : _d1989 Sept. 23 : _cSanto Domingo, República Dominicana) _954552 |
|
| 245 | 1 | 0 |
_aFray Pedro de Córdoba, O. P. / _cJosé Luis Sáez, Wenceslao Vega, Ciriaco Landolfi. |
| 264 | 1 |
_aSanto Domingo : _bComisión Dominicana Permanente para la Celebración del Quinto Centenario del Descubrimiento y Evangelización de América; _bUniversidad Católica Santo Domingo, _c1992. |
|
| 300 |
_a70 páginas _c21 cm. |
||
| 336 |
_2rdacontent _atexto _btxt |
||
| 337 |
_2rdamedia _asin mediación _bn |
||
| 338 |
_2rdacarrier _avolumen _bnc |
||
| 505 | 0 |
_gPrograma -- _tPedro de Córdoba y la catequésis de América / _gJosé Luis Sáez -- _tLas leyes de Burgos / _gWenceslao Vega -- _tFray Pedro de Córdoba: un amigo de Dios / _gCiriaco Landolfi |
|
| 590 | _aInventariado, 2018/VM | ||
| 600 | 1 | 4 |
_aCÓRDOBA, PEDRO DE, _d1482-1521 _954238 |
| 650 | 4 |
_aEvangelización _zAmérica Latina _xCongresos, conferencias, etc. _929794 |
|
| 650 | 0 |
_aClero _919068 |
|
| 650 | 4 |
_aIglesia católica _zAmérica Latina _xHistoria _954553 |
|
| 700 | 1 |
_a Sáez , José Luis _d1937- _eexponente _9620 |
|
| 700 | 1 |
_aVega B., Wenceslao, _d1932- _eexponente _938670 |
|
| 700 | 1 |
_aLandolfi, Ciriaco _924264 _eexponente |
|
| 910 | _aValidado. Control de la calidad EMS | ||
| 942 |
_2ddc _cLBS1 |
||
| 999 |
_c26969 _d26969 |
||